ARRUPE JESUIT UNIVERSITY

CORONAVIRUS -STOP THE SPREAD - CLEAN,DISINFECT,COVER

Katekisma wa Heidelberg = (Record no. 128018)

MARC details
000 -LEADER
fixed length control field 01102cam a22003137a 4500
001 - CONTROL NUMBER
control field 14559200
003 - CONTROL NUMBER IDENTIFIER
control field ARRUPE
005 - DATE AND TIME OF LATEST TRANSACTION
control field 20180704112052.0
008 - FIXED-LENGTH DATA ELEMENTS--GENERAL INFORMATION
fixed length control field 060920s2003 mw 000 0 eng
010 ## - LIBRARY OF CONGRESS CONTROL NUMBER
LC control number 2002379140
020 ## - INTERNATIONAL STANDARD BOOK NUMBER
International Standard Book Number 9990816530
040 ## - CATALOGING SOURCE
Original cataloging agency DLC
Transcribing agency DLC
041 0# - LANGUAGE CODE
Language code of text/sound track or separate title eng
-- nya
042 ## - AUTHENTICATION CODE
Authentication code lcode
050 00 - LIBRARY OF CONGRESS CALL NUMBER
Classification number BX9428.A4.U82
300 ## - PHYSICAL DESCRIPTION
Dimensions 21 cm.
100 1# - MAIN ENTRY--PERSONAL NAME
Personal name Ursinus, Zacharias,
Dates associated with a name 1534-1583.
9 (RLIN) 41764
240 10 - UNIFORM TITLE
Uniform title <a href="Heidelberger Katechismus.">Heidelberger Katechismus.</a>
Language of a work Chewa & English
245 10 - TITLE STATEMENT
Title Katekisma wa Heidelberg =
Remainder of title Heidelberg Catechism /
Statement of responsibility, etc Zacharias Ursinus ndi Casper Olevians [translators].
246 31 - VARYING FORM OF TITLE
Title proper/short title Heidelberg Catechism
250 ## - EDITION STATEMENT
Edition statement Bi-lingual ed.
260 ## - PUBLICATION, DISTRIBUTION, ETC. (IMPRINT)
Place of publication, distribution, etc Blantyre [Malawi] :
Name of publisher, distributor, etc Christian Literature Association in Malawi,
Date of publication, distribution, etc 2003.
300 ## - PHYSICAL DESCRIPTION
Extent 66 p. ;
490 0# - SERIES STATEMENT
Series statement Buku la mvunguti ;
Volume number/sequential designation no. 11
500 ## - GENERAL NOTE
General note "Chisindikizo choyamba cha bukuli chinachitika ku Heidelberg, m'chaka cha 1563."
546 ## - LANGUAGE NOTE
Language note Chewa and English.
700 1# - ADDED ENTRY--PERSONAL NAME
Personal name Olevian, Caspar,
Dates associated with a name 1536-1587.
9 (RLIN) 41763
906 ## - LOCAL DATA ELEMENT F, LDF (RLIN)
a 7
b cbc
c origode
d 4
e ncip
f 20
g y-gencatlg
942 ## - ADDED ENTRY ELEMENTS (KOHA)
Source of classification or shelving scheme Library of Congress Classification
Koha item type Monograph ( Printed materials)
Holdings
Withdrawn status Lost status Source of classification or shelving scheme Damaged status Not for loan Collection code Home library Current library Shelving location Date acquired Total Checkouts Full call number Barcode Date last seen Price effective from Koha item type
    Library of Congress Classification     Main Collection ARRUPE LIBRARY ARRUPE LIBRARY Main Collection 04/07/2018   BX9428.A4.U82 46600001524 04/07/2018 04/07/2018 Monograph ( Printed materials)

 

Arrupe Library. PO Box MP320 Mt Pleasant, Harare, Zimbabwe
263 242 745411|librarian@aju.ac.zw